00611nam a2200169Ia 4500008004100000041000800041082001600049100002400065245003500089260001800124300000800142365001600150700003500166906003600201999001900237952018500256230718s9999 xx 000 0 und d aeng a006.35bJUR aJurafsky D.9162542 aSpeech And Language Processing c2000bPearson a934 cRs.b425.00 aJurafsky D. & Martin J9187860 dB:1584717-Sep-2002cCOMPb63.75 c304636d304636 00104070aCCEPbCCEPd2002-11-29ePradeep Book DistributorsfCOMPg361.25i15847l6o006.35pCCEP-BK-15843r2026-03-11 14:14:43s2026-02-25t63.75v425.00w2002-09-17yBKz015843